000 00311pam a2200145 a 4500
020 _c
041 _aeng
082 _a658.8
_bADC
100 _aAdock Ross.
245 _aMarketing Principles & Practice
_hTextual Documents
250 _a1995.
260 _a[s.l]:
_bPitman
300 _a420p.
930 _a12924
999 _c89826
_d89826